LEADER 01853oas 2200793 a 450 001 9910142659603321 005 20251105213014.0 011 $a1572-882X 035 $a(DE-599)ZDB1496831-9 035 $a(DE-599)1496831-9 035 $a(OCoLC)37785124 035 $a(CONSER) 2013242232 035 $a(CKB)954927383313 035 $a(EXLCZ)99954927383313 100 $a19971015a19949999 sy a 101 0 $aeng 135 $aurmnu|||||||| 181 $ctxt$2rdacontent 182 $cc$2rdamedia 183 $acr$2rdacarrier 200 10$aCellulose 210 $a[Andover, Hants, United Kingdom] $cChapman & Hall 210 3 $a[Dordrecht] $cSpringer 300 $aRefereed/Peer-reviewed 311 08$a0969-0239 606 $aCellulose$vPeriodicals 606 $aCellulose 606 $aCellulose$2fast$3(OCoLC)fst00850336 606 $aScience and technology$2galestne 606 $aCel·lulosa$2thub 608 $aPeriodicals.$2fast 608 $aPeriodicals.$2lcgft 608 $aRevistes electròniques.$2thub 615 0$aCellulose 615 6$aCellulose. 615 7$aCellulose. 615 7$aScience and technology. 615 7$aCel·lulosa. 676 $a661.802 801 0$bF#A 801 1$bF#A 801 2$bOCL 801 2$bOCLCQ 801 2$bMUQ 801 2$bOCLCQ 801 2$bOCLCS 801 2$bOCL 801 2$bSYB 801 2$bCIT 801 2$bOCLCQ 801 2$bVPI 801 2$bOCLCQ 801 2$bMYG 801 2$bOCLCF 801 2$bOCLCQ 801 2$bDLC 801 2$bUBY 801 2$bOCLCQ 801 2$bUAB 801 2$bQGK 801 2$bSXB 801 2$bOCLCL 801 2$bCCT 801 2$bUKMGB 801 2$bOCLCQ 906 $aJOURNAL 912 $a9910142659603321 996 $aCellulose$995149 997 $aUNINA